Statistics for Guess the Taylor Swift song with no hints #2

Click here to take the quiz!

General Stats

  • This quiz has been taken 154 times
  • The average score is 290 of 371

Answer Stats

Answer% Correct
a
99%
I
99%
you
98%
the
96%
and
95%
me
94%
on
94%
my
93%
your
92%
in
90%
to
90%
when
90%
you're
89%
be
87%
I'm
87%
it's
87%
they
87%
I'll
86%
i'll
86%
that
86%
but
84%
don't
84%
there
84%
we're
84%
of
83%
ever
81%
can
80%
if
79%
with
78%
their
76%
up
76%
could
73%
down
73%
day
72%
Day
72%
from
72%
will
71%
new
70%
New
70%
shoes
70%
Theres
70%
there's
70%
want
70%
night
69%
back
67%
last
67%
or
67%
after
66%
gonna
66%
party
66%
year's
66%
Year's
66%
carrying
64%
floor
64%
girls
64%
glitter
64%
hand
64%
hold
64%
long
64%
out
64%
read
64%
stay
64%
whose
64%
midnights
63%
please
63%
bottles
62%
hard
62%
lobby
62%
anywhere
61%
become
61%
before
61%
cleaning
61%
laugh
61%
memories
61%
stranger
61%
times
61%
page
60%
recognize
60%
tell
60%
three
60%
hardwood
59%
taxi
59%
polaroids
58%
forevermore
57%
making
57%
mistakes
57%
town
57%
babe
56%
road
56%
squeeze
56%
wrong
56%
home
55%
away
53%
candle
53%
wax
53%
lost
51%
scared
50%
strike
47%
toast
47%
turning
47%
crawling
46%

Score Distribution

Percentile by Number Answered

Percent of People with Each Score

Your Score History

You have not taken this quiz